Postavení základního hospodářského článku (chozrasčotní jednotky) v socialistické ekonomice v podmínkách přechodu k intenzívnímu typu hospodářského růstu

Salvato in:
Dettagli Bibliografici
Autore principale: Rusmich, Ladislav
Natura: Libro
Lingua:ceco
Pubblicazione: Praha Ústřední ústav národohospodářského výzkumu 1984
Tags: Aggiungi Tag
Nessun Tag, puoi essere il primo ad aggiungerne!!

MARC

LEADER 00000nam a2200000 4500
001 c108962
005 20041019155142.9
041 0 |a cze 
044 |a CZ 
245 1 0 |a Postavení základního hospodářského článku (chozrasčotní jednotky) v socialistické ekonomice v podmínkách přechodu k intenzívnímu typu hospodářského růstu  |c Ladislav Rusmich 
264 1 |a Praha  |b Ústřední ústav národohospodářského výzkumu  |c 1984 
300 |a 127 s. 
100 1 |a Rusmich, Ladislav